[Event "Bouches du Rhone-ch 1415"]
[Site "Vitrolles"]
[Date "2014.11.29"]
[Round "3"]
[White "Chauvet, Jean Marc"]
[Black "Charvein, Gabriel"]
[Result "1/2-1/2"]
[WhiteElo "1924"]
[BlackElo "1883"]
[PlyCount "33"]
[EventDate "2014.10.04"]
[EventType "tourn"]
[EventRounds "9"]
[EventCountry "FRA"]
[SourceTitle "EXT 2016"]
[Source "ChessBase"]
[SourceDate "2015.10.08"]
[SourceVersion "1"]
[SourceVersionDate "2015.10.08"]
[SourceQuality "1"]

1. e4 c5 2. Nf3 d6 3. Bb5+ Bd7 4. Bxd7+ Qxd7 5. 0-0 Nc6 6. c3 Nf6 7. Qe2 e6 8. d4 cxd4 9. cxd4 Be7 10. Nc3 0-0 11. Bg5 h6 12. Bf4 Rfe8 13. d5 exd5 14. exd5 Ne5 15. Nxe5 dxe5 16. Qxe5 Bb4 17. Qd4 1/2-1/2

[Event "Bouches du Rhone-ch 1314"]
[Site "Vitrolles"]
[Date "2014.02.15"]
[Round "6"]
[White "Chauvet, Jean Marc"]
[Black "Faure, Alexandre"]
[Result "1-0"]
[WhiteElo "1909"]
[BlackElo "1884"]
[PlyCount "75"]
[EventDate "2013.10.05"]
[EventType "tourn"]
[EventRounds "7"]
[EventCountry "FRA"]
[SourceTitle "EXT 2015"]
[Source "ChessBase"]
[SourceDate "2014.11.20"]
[SourceVersion "1"]
[SourceVersionDate "2014.11.20"]
[SourceQuality "1"]

1. e4 d6 2. d4 Nf6 3. Nc3 Nbd7 4. Bc4 e5 5. Nf3 Be7 6. Ng5 0-0 7. Bxf7+ Rxf7 8. Ne6 Qe8 9. Nxc7 Qf8 10. Nxa8 exd4 11. Qxd4 d5 12. 0-0 Bc5 13. Qd1 Ne5 14. Nxd5 Nxe4 15. Be3 Ng4 16. Bxc5 Qxc5 17. b4 Qd6 18. f4 b5 19. Qd4 Bb7 20. Rad1 Ngf2 21. Rxf2 Nxf2 22. Ndc7 Qc6 23. Qxf2 Bxa8 24. Rd8+ Rf8 25. Rxf8+ Kxf8 26. Nxa8 Qxa8 27. Qc5+ Kf7 28. Qf5+ Kg8 29. Qxb5 Qd8 30. Qc4+ Kh8 31. h3 h5 32. c3 h4 33. Qd4 Qe7 34. Qf2 Kg8 35. a3 a6 36. Kh2 Qf6 37. Qd4 Qg6 38. Qd8+ 1-0

[Event "Bouches du Rhone-ch 1314"]
[Site "Vitrolles"]
[Date "2013.10.05"]
[Round "1"]
[White "Israel, Daniel"]
[Black "Chauvet, Jean Marc"]
[Result "0-1"]
[WhiteElo "1828"]
[BlackElo "1909"]
[PlyCount "146"]
[EventDate "2013.10.05"]
[EventType "tourn"]
[EventRounds "7"]
[EventCountry "FRA"]
[SourceTitle "EXT 2015"]
[Source "ChessBase"]
[SourceDate "2014.11.20"]
[SourceVersion "1"]
[SourceVersionDate "2014.11.20"]
[SourceQuality "1"]

1. e4 e6 2. Nf3 d5 3. d3 Nf6 4. Nbd2 c5 5. g3 Nc6 6. Bg2 g6 7. 0-0 Bg7 8. c3 0-0 9. Qc2 b5 10. a4 b4 11. Nb3 bxc3 12. bxc3 c4 13. dxc4 dxe4 14. Ng5 Na5 15. Rd1 Qb6 16. Rb1 Ba6 17. Nd4 Qc5 18. Nxe4 Nxe4 19. Bxe4 Rab8 20. Be3 Rxb1 21. Qxb1 Qe5 22. Nf3 Qxc3 23. Bd2 Qxc4 24. Bxa5 Qxa4 25. Bc7 Bc4 26. Rd8 Rxd8 27. Bxd8 Ba2 28. Qb8 h6 29. Bf6+ Kh7 30. Bxg7 Kxg7 31. Qb2+ Kg8 32. Bc2 Qa5 33. Bb3 Bxb3 34. Qxb3 Qc7 35. Qa3 Qd7 36. Qa5 f6 37. Nd2 g5 38. Ne4 Kg7 39. Qa1 e5 40. Nc5 Qe7 41. Qc3 Qd6 42. h3 Qd5 43. Qb4 Qd1+ 44. Kh2 Qd6 45. Qb7+ Kg6 46. Ne4 Qb6 47. Qc8 Qd4 48. g4 Kf7 49. Qb7+ Ke6 50. Qc6+ Ke7 51. Qxf6+ Kd7 52. Qf5+ Kc7 53. Qf3 a5 54. Kg2 a4 55. Nc3 Kb6 56. Qf6+ Ka5 57. Qf3 Kb4 58. Na2+ Kc4 59. Qc6+ Kd3 60. Qb5+ Kd2 61. f3 Ke3 62. Qb1 Qd2+ 63. Kh1 Kxf3 64. Qf5+ Kg3 65. Qxe5+ Kxh3 66. Qc3+ Qxc3 67. Nxc3 a3 68. Kg1 Kxg4 69. Kg2 h5 70. Na2 Kf4 71. Kf2 h4 72. Nb4 g4 73. Kg2 Ke4 0-1

[Event "Vitrolles-ch 13th"]
[Site "Vitrolles"]
[Date "2013.02.02"]
[Round "7"]
[White "Danielian, Kevin"]
[Black "Chauvet, Jean Marc"]
[Result "1/2-1/2"]
[WhiteElo "1785"]
[BlackElo "1943"]
[PlyCount "28"]
[EventDate "2012.03.09"]
[EventType "swiss"]
[EventRounds "9"]
[EventCountry "FRA"]
[SourceTitle "EXT 2014"]
[Source "ChessBase"]
[SourceDate "2013.11.20"]
[SourceVersion "1"]
[SourceVersionDate "2013.11.20"]
[SourceQuality "1"]

1. d4 e6 2. c4 Nf6 3. Nc3 Bb4 4. Qc2 0-0 5. Bg5 d5 6. e3 c5 7. Nf3 cxd4 8. exd4 Nbd7 9. cxd5 exd5 10. Be2 h6 11. Bf4 Re8 12. 0-0 Bxc3 13. bxc3 Nf8 14. Ne5 N6d7 1/2-1/2

[Event "Vitrolles-ch 13th"]
[Site "Vitrolles"]
[Date "2012.10.06"]
[Round "1"]
[White "Chauvet, Jean Marc"]
[Black "Anton, Jose"]
[Result "0-1"]
[WhiteElo "1943"]
[BlackElo "1890"]
[PlyCount "74"]
[EventDate "2012.03.09"]
[EventType "swiss"]
[EventRounds "9"]
[EventCountry "FRA"]
[SourceTitle "EXT 2014"]
[Source "ChessBase"]
[SourceDate "2013.11.20"]
[SourceVersion "1"]
[SourceVersionDate "2013.11.20"]
[SourceQuality "1"]

1. e4 c5 2. Nf3 Nc6 3. Bb5 Qb6 4. Nc3 a6 5. Nd5 Qa5 6. Bxc6 bxc6 7. Nc3 Nf6 8. 0-0 e6 9. d3 Be7 10. Nd2 0-0 11. Nc4 Qc7 12. e5 Nd5 13. Ne4 f6 14. f4 f5 15. Ned6 a5 16. Bd2 a4 17. Qe1 Ba6 18. b3 Rfb8 19. Qe2 Bxc4 20. Nxc4 Rb7 21. Nb2 axb3 22. axb3 Rba7 23. Rxa7 Qxa7 24. Nc4 Qa2 25. Qd1 Nb4 26. Bxb4 cxb4 27. g3 Qa7+ 28. Kg2 Qd4 29. Qd2 Bc5 30. Kh3 Ra2 31. Re1 Qd5 32. Rd1 Qd4 33. Re1 h6 34. Qg2 g5 35. g4 Qxf4 36. Re2 h5 37. Qg3 Qf1+ 0-1

[Event "Marseille op 2nd "]
[Site "Marseille"]
[Date "2009.12.29"]
[Round "8"]
[White "Bekhouche, Marion"]
[Black "Chauvet, Jean Marc"]
[Result "1/2-1/2"]
[WhiteElo "1651"]
[BlackElo "1974"]
[PlyCount "34"]
[EventDate "2009.12.26"]
[EventType "swiss"]
[EventRounds "9"]
[EventCountry "FRA"]
[SourceTitle "CBM 134 Extra"]
[Source "ChessBase"]
[SourceDate "2010.03.03"]
[SourceVersion "1"]
[SourceVersionDate "2010.03.03"]
[SourceQuality "1"]

1. d4 Nf6 2. c4 e6 3. Nf3 Bb4+ 4. Bd2 Bxd2+ 5. Qxd2 d5 6. Nc3 0-0 7. e3 Nbd7 8. Rc1 c6 9. a3 Re8 10. Bd3 Qe7 11. 0-0 dxc4 12. Bxc4 e5 13. d5 Nb6 14. Ba2 Nbxd5 15. Bxd5 cxd5 16. Nxd5 Nxd5 17. Qxd5 Bg4 1/2-1/2

[Event "Marseille op 2nd "]
[Site "Marseille"]
[Date "2009.12.27"]
[Round "3"]
[White "Loysel, Yves"]
[Black "Chauvet, Jean Marc"]
[Result "1/2-1/2"]
[WhiteElo "1782"]
[BlackElo "1974"]
[PlyCount "48"]
[EventDate "2009.12.26"]
[EventType "swiss"]
[EventRounds "9"]
[EventCountry "FRA"]
[SourceTitle "CBM 134 Extra"]
[Source "ChessBase"]
[SourceDate "2010.03.03"]
[SourceVersion "1"]
[SourceVersionDate "2010.03.03"]
[SourceQuality "1"]

1. e4 e6 2. d4 d5 3. e5 c5 4. c3 Nc6 5. Nf3 Qb6 6. Be2 cxd4 7. cxd4 Nh6 8. Nc3 Nf5 9. Na4 Qa5+ 10. Bd2 Bb4 11. Bc3 b5 12. a3 Bxc3+ 13. Nxc3 b4 14. axb4 Qxb4 15. Qa4 Qxa4 16. Rxa4 Bd7 17. Bb5 Ke7 18. 0-0 Rhb8 19. Bxc6 Bxc6 20. Ra6 Bb7 21. Ra5 h5 22. Nb5 a6 23. Nc7 Ra7 24. Nb5 Raa8 1/2-1/2

[Event "Provence-ch 0607"]
[Site "Provence"]
[Date "2007.05.05"]
[Round "8"]
[White "Deleau, Denis"]
[Black "Chauvet, Jean Marc"]
[Result "1-0"]
[WhiteElo "2109"]
[BlackElo "1995"]
[PlyCount "77"]
[EventDate "2007.01.27"]
[EventType "tourn"]
[EventRounds "9"]
[EventCountry "FRA"]
[SourceTitle "EXT 2008"]
[Source "ChessBase"]
[SourceDate "2007.11.25"]
[SourceVersion "1"]
[SourceVersionDate "2007.11.25"]
[SourceQuality "1"]

1. Nf3 b6 2. b3 f5 3. Bb2 Nf6 4. Bxf6 exf6 5. e3 Nc6 6. Nh4 g6 7. Nc3 Bg7 8. Bc4 Ne7 9. Qf3 c6 10. d4 d5 11. Bd3 Qd6 12. Ne2 Be6 13. g3 Rc8 14. Ng2 c5 15. Ba6 Rc7 16. Ngf4 Bf7 17. Bb5+ Kf8 18. 0-0 h5 19. c4 g5 20. Nxd5 Nxd5 21. cxd5 Qxd5 22. Qxd5 Bxd5 23. Rac1 Ke7 24. Rfd1 Bf3 25. dxc5 Bxe2 26. Bxe2 Rxc5 27. Rxc5 bxc5 28. Rd5 Rc8 29. Rxf5 Kd6 30. Bxh5 a5 31. Bf7 a4 32. Bc4 axb3 33. Rd5+ Kc6 34. axb3 Rc7 35. f4 Rd7 36. Rxd7 Kxd7 37. Kf2 g4 38. e4 Kd6 39. Be2 1-0

[Event "Provence-ch 0506"]
[Site "Provence"]
[Date "2006.03.18"]
[Round "6"]
[White "Jean, Claude"]
[Black "Chauvet, Jean Marc"]
[Result "1-0"]
[WhiteElo "2202"]
[BlackElo "1958"]
[PlyCount "85"]
[EventDate "2005.11.05"]
[EventType "tourn"]
[EventRounds "9"]
[EventCountry "FRA"]
[SourceTitle "EXT 2007"]
[Source "ChessBase"]
[SourceDate "2006.11.23"]
[SourceVersion "1"]
[SourceVersionDate "2006.11.23"]
[SourceQuality "1"]

1. d4 e6 2. c4 Nf6 3. Nf3 b6 4. Nc3 Bb7 5. e3 Ne4 6. Bd3 Nxc3 7. bxc3 Be7 8. e4 d6 9. 0-0 Nd7 10. Nd2 0-0 11. f4 f5 12. Qe2 Rf6 13. exf5 exf5 14. Re1 Bf8 15. Nf3 Bxf3 16. Qxf3 g6 17. Be3 Rc8 18. Bf2 Rf7 19. c5 Nf6 20. c6 Re7 21. Bh4 Qe8 22. Rxe7 Bxe7 23. Re1 Qf8 24. Qe2 Ne4 25. Bxe7 Qxe7 26. Bxe4 fxe4 27. Qxe4 Qxe4 28. Rxe4 Kf7 29. d5 Rf8 30. Kf2 Kf6 31. Ke3 Rf7 32. Re6+ Kg7 33. g4 Kf8 34. Ke4 Kg7 35. Re8 h6 36. Re6 Kh7 37. c4 Kg7 38. f5 gxf5+ 39. gxf5 Kh7 40. Kf4 Kg7 41. h4 Kh7 42. h5 Kg7 43. Rg6+ 1-0

[Event "Provence-ch 0506"]
[Site "Provence"]
[Date "2006.01.28"]
[Round "5"]
[White "Chauvet, Jean Marc"]
[Black "Busson, Benoist"]
[Result "1-0"]
[WhiteElo "1964"]
[BlackElo "2089"]
[PlyCount "95"]
[EventDate "2005.11.05"]
[EventType "tourn"]
[EventRounds "9"]
[EventCountry "FRA"]
[SourceTitle "EXT 2007"]
[Source "ChessBase"]
[SourceDate "2006.11.23"]
[SourceVersion "1"]
[SourceVersionDate "2006.11.23"]
[SourceQuality "1"]

1. e4 Nc6 2. Nf3 Nf6 3. e5 Ng4 4. d4 d6 5. exd6 Qxd6 6. Bc4 Bf5 7. c3 e6 8. Nh4 0-0-0 9. Be2 h5 10. Na3 Be7 11. Nxf5 exf5 12. Nc4 Qd5 13. Ne3 Nxe3 14. Bxe3 g5 15. Bf3 Qd6 16. Qa4 f4 17. Bd2 Kb8 18. 0-0-0 Qd7 19. h4 g4 20. Bxc6 Qxc6 21. Qxc6 bxc6 22. Bxf4 Rd5 23. Rde1 Bf6 24. g3 Rhd8 25. Re4 a5 26. a4 c5 27. dxc5 Rxc5 28. Rd1 Kc8 29. Be3 Rf5 30. Rc4 Rxd1+ 31. Kxd1 Rd5+ 32. Kc2 Be5 33. Rc5 Rxc5 34. Bxc5 Kd7 35. Kd3 Kc6 36. Kc4 f5 37. Be3 Bd6 38. b4 axb4 39. cxb4 Kb7 40. b5 c6 41. a5 cxb5+ 42. Kxb5 Be7 43. a6+ Kb8 44. Kc6 Bd8 45. Kd5 f4 46. Bxf4+ Ka7 47. Ke5 Kxa6 48. Kf5 1-0

[Event "Provence-ch 0405"]
[Site "Provence"]
[Date "2005.03.03"]
[Round "8"]
[White "Burkel, Kevin"]
[Black "Chauvet, Jean Marc"]
[Result "1-0"]
[WhiteElo "2061"]
[BlackElo "2050"]
[PlyCount "75"]
[EventDate "2004.10.16"]
[EventType "tourn"]
[EventRounds "9"]
[EventCountry "FRA"]
[SourceTitle "EXT 2007"]
[Source "ChessBase"]
[SourceDate "2006.11.23"]
[SourceVersion "1"]
[SourceVersionDate "2006.11.23"]
[SourceQuality "1"]

1. d4 e6 2. Nf3 Nf6 3. Bg5 Be7 4. Nbd2 b6 5. e4 d6 6. Bd3 Ba6 7. Bxa6 Nxa6 8. c4 0-0 9. a3 c5 10. 0-0 Nb8 11. e5 Nfd7 12. Bxe7 Qxe7 13. exd6 Qxd6 14. dxc5 Nxc5 15. b4 Ncd7 16. Ne4 Qf4 17. Qd3 Ne5 18. Nxe5 Qxe5 19. Rfe1 a5 20. b5 Ra7 21. Rac1 Rd7 22. Qe3 Qd4 23. Qf3 Rc8 24. Rcd1 Qb2 25. Rxd7 Nxd7 26. Nd6 Rf8 27. Qc6 Qc3 28. Rf1 Nc5 29. Qxb6 Qxa3 30. g3 Nd3 31. Nb7 a4 32. Qe3 Qb3 33. Na5 Qc3 34. Rd1 Rd8 35. Nc6 Rd7 36. Ne5 Qxe5 37. Rxd3 Rxd3 38. Qxe5 1-0

[Event "Provence-ch 0405"]
[Site "Provence"]
[Date "2005.01.28"]
[Round "5"]
[White "Deleau, Denis"]
[Black "Chauvet, Jean Marc"]
[Result "1/2-1/2"]
[WhiteElo "2125"]
[BlackElo "1959"]
[PlyCount "34"]
[EventDate "2004.10.16"]
[EventType "tourn"]
[EventRounds "9"]
[EventCountry "FRA"]
[SourceTitle "EXT 2007"]
[Source "ChessBase"]
[SourceDate "2006.11.23"]
[SourceVersion "1"]
[SourceVersionDate "2006.11.23"]
[SourceQuality "1"]

1. e4 e6 2. Nf3 d5 3. e5 c5 4. b4 cxb4 5. d4 Nc6 6. a3 Bd7 7. axb4 Bxb4+ 8. c3 Be7 9. Bd3 Na5 10. Na3 a6 11. h4 b5 12. Ng5 Nh6 13. Qh5 Nb3 14. Rh3 Nxc1 15. Bxh7 Bxg5 16. hxg5 Rxh7 17. Rxc1 Qe7 1/2-1/2

[Event "Bouches du Rhone-ch 0203"]
[Site "Provence"]
[Date "2003.03.08"]
[Round "8"]
[White "Pierrugues, Laurent"]
[Black "Chauvet, Jean Marc"]
[Result "1/2-1/2"]
[WhiteElo "1890"]
[BlackElo "2050"]
[PlyCount "46"]
[EventDate "2002.10.??"]
[EventType "swiss"]
[EventRounds "9"]
[EventCountry "FRA"]
[SourceTitle "EXT 2005"]
[Source "ChessBase"]
[SourceDate "2004.11.15"]
[SourceVersion "1"]
[SourceVersionDate "2004.11.15"]
[SourceQuality "1"]

1. e4 e6 2. d4 d5 3. e5 c5 4. c3 Nc6 5. Nf3 Qb6 6. Be2 cxd4 7. cxd4 Nh6 8. Nc3 Nf5 9. Na4 Bb4+ 10. Bd2 Qa5 11. Bc3 b5 12. a3 Bxc3+ 13. Nxc3 b4 14. axb4 Qxb4 15. Bb5 Bd7 16. Bxc6 Bxc6 17. Qd2 0-0 18. 0-0 Rfb8 19. Rfb1 Bb5 20. Nxb5 Rxb5 21. Qd3 h6 22. g4 Ne7 23. b3 Ra5 1/2-1/2

[Event "Bouches du Rhone-ch 0203"]
[Site "Provence"]
[Date "2003.03.01"]
[Round "7"]
[White "Burkel, Kevin"]
[Black "Chauvet, Jean Marc"]
[Result "1/2-1/2"]
[WhiteElo "2129"]
[BlackElo "2050"]
[PlyCount "22"]
[EventDate "2002.10.??"]
[EventType "swiss"]
[EventRounds "9"]
[EventCountry "FRA"]
[SourceTitle "EXT 2005"]
[Source "ChessBase"]
[SourceDate "2004.11.15"]
[SourceVersion "1"]
[SourceVersionDate "2004.11.15"]
[SourceQuality "1"]

1. d4 e6 2. Nf3 Nf6 3. Bg5 b6 4. Nbd2 Bb7 5. e3 Be7 6. Bd3 d6 7. 0-0 Nbd7 8. e4 e5 9. c3 Nh5 10. Be3 g6 11. Ne1 Bg5 1/2-1/2

[Event "Bouches du Rhone-ch 0203"]
[Site "Provence"]
[Date "2003.01.25"]
[Round "5"]
[White "Chauvet, Jean Marc"]
[Black "Zejneli, Skender"]
[Result "0-1"]
[WhiteElo "2050"]
[BlackElo "2020"]
[PlyCount "73"]
[EventDate "2002.10.??"]
[EventType "swiss"]
[EventRounds "9"]
[EventCountry "FRA"]
[SourceTitle "EXT 2005"]
[Source "ChessBase"]
[SourceDate "2004.11.15"]
[SourceVersion "1"]
[SourceVersionDate "2004.11.15"]
[SourceQuality "1"]

1. e4 c5 2. Nf3 d6 3. c3 Nf6 4. Be2 Nc6 5. d3 e6 6. 0-0 Be7 7. h3 0-0 8. Be3 b6 9. Nbd2 Bb7 10. d4 Rc8 11. Re1 cxd4 12. cxd4 Nb4 13. e5 dxe5 14. dxe5 Nfd5 15. Bc4 Nxe3 16. Rxe3 Bc5 17. Rc3 Nd5 18. Rd3 a6 19. a3 b5 20. Bxd5 Bxd5 21. Ne4 Qe7 22. Nfg5 h6 23. Qh5 f6 24. exf6 Rxf6 25. Nxf6+ Qxf6 26. Nf3 Qxb2 27. Rad1 Bxf2+ 28. Kh2 Qf6 29. R1d2 Be3 30. Rxd5 exd5 31. Qxd5+ Kh8 32. Qd7 Rf8 33. Rd1 Bc5 34. Qd3 Be7 35. Qb3 Qf4+ 36. Kh1 Qg3 37. Qd5 0-1